[Event "MRSF"]
[Site "Rychnov nad Kneznou"]
[Date "2020.08.17"]
[Round "9.12"]
[White "Sobotnik, Petr"]
[Black "Semerak, Pavel"]
[Result "1/2-1/2"]
[BlackElo "1939"]
[WhiteElo "1901"]
[LiveChessVersion "1.4.8"]

1. c4 {[%clk 1:30:08]} c5 {[%clk 1:30:57]} 2. Nc3 {[%clk 1:30:16]} Nc6
{[%clk 1:31:16]} 3. g3 {[%clk 1:30:20]} g6 {[%clk 1:31:42]} 4. Bg2 Nf6 5. Nf3
{[%clk 1:29:30]} Bg7 {[%clk 1:31:42]} 6. O-O {[%clk 1:29:31]} O-O
{[%clk 1:31:23]} 7. e4 {[%clk 1:29:33]} e5 {[%clk 1:31:17]} 8. d3
{[%clk 1:29:44]} d6 {[%clk 1:31:39]} 9. h3 {[%clk 1:29:56]} h6 {[%clk 1:32:00]}
10. a3 {[%clk 1:29:38]} Be6 1/2-1/2

[Event "MRSF"]
[Site "Rychnov nad Kneznou"]
[Date "2020.08.17"]
[Round "9.13"]
[White "Papay, Jindrich"]
[Black "Vagner, Ladislav"]
[Result "0-1"]
[BlackElo "1883"]
[WhiteElo "1935"]
[LiveChessVersion "1.4.8"]

1. f4 {[%clk 1:30:57]} d5 {[%clk 1:30:17]} 2. Nf3 {[%clk 1:30:11]} c5
{[%clk 1:29:46]} 3. g3 {[%clk 1:30:30]} Nc6 {[%clk 1:28:44]} 4. Bg2
{[%clk 1:24:03]} Nf6 {[%clk 1:28:29]} 5. O-O {[%clk 1:23:42]} g6 {[%clk 1:26:46]}
6. c3 {[%clk 1:22:37]} Bg7 {[%clk 1:26:50]} 7. d3 {[%clk 1:22:53]} O-O
{[%clk 1:26:17]} 8. Qc2 {[%clk 1:20:39]} d4 {[%clk 1:23:08]} 9. e4
{[%clk 1:20:15]} dxe3 {[%clk 1:23:09]} 10. Bxe3 {[%clk 1:20:42]} Bf5
{[%clk 1:15:45]} 11. Rd1 {[%clk 1:20:50]} c4 {[%clk 1:14:13]} 12. Ne1
{[%clk 1:20:15]} e5 {[%clk 0:48:34]} 13. Na3 {[%clk 1:14:28]} Ng4
{[%clk 0:46:50]} 14. Nxc4 {[%clk 1:10:34]} exf4 {[%clk 0:46:14]} 15. Bxf4
{[%clk 1:10:27]} Rc8 {[%clk 0:45:37]} 16. Qd2 {[%clk 1:07:15]} b5
{[%clk 0:41:27]} 17. Ne3 {[%clk 1:04:37]} Nxe3 {[%clk 0:33:26]} 18. Bxe3
{[%clk 1:04:32]} Re8 {[%clk 0:33:49]} 19. d4 {[%clk 1:02:51]} b4 {[%clk 0:29:54]}
20. Kh1 {[%clk 0:53:00]} Na5 {[%clk 0:29:39]} 21. Bg5 {[%clk 0:51:44]} f6
{[%clk 0:29:31]} 22. Bh6 {[%clk 0:48:32]} bxc3 {[%clk 0:26:47]} 23. bxc3
{[%clk 0:48:25]} Bxh6 {[%clk 0:26:40]} 24. Qxh6 {[%clk 0:48:52]} Rxc3
{[%clk 0:27:09]} 25. Qf4 {[%clk 0:46:08]} Rce3 {[%clk 0:25:49]} 26. d5
{[%clk 0:44:13]} Nb7 {[%clk 0:24:25]} 27. Qd4 {[%clk 0:40:55]} a5
{[%clk 0:23:55]} 28. g4 {[%clk 0:39:32]} Be4 {[%clk 0:23:28]} 29. d6
{[%clk 0:39:06]} Qd7 {[%clk 0:19:21]} 30. Bxe4 {[%clk 0:31:48]} R3xe4
{[%clk 0:19:36]} 31. Qd5+ {[%clk 0:28:47]} Kg7 {[%clk 0:19:04]} 32. Ng2
{[%clk 0:26:46]} Nd8 {[%clk 0:17:34]} 33. g5 {[%clk 0:25:06]} fxg5
{[%clk 0:15:47]} 34. Qxa5 {[%clk 0:24:51]} Ne6 {[%clk 0:13:37]} 35. Rac1
{[%clk 0:20:05]} Ra4 {[%clk 0:10:05]} 36. Qd5 {[%clk 0:18:52]} Ra7
{[%clk 0:08:52]} 37. Rc2 {[%clk 0:15:38]} Kh6 {[%clk 0:08:32]} 38. Ne3
{[%clk 0:13:35]} Nf4 {[%clk 0:08:51]} 39. Ng4+ {[%clk 0:11:54]} Qxg4
{[%clk 0:09:08]} 0-1

[Event "MRSF"]
[Site "Rychnov nad Kneznou"]
[Date "2020.08.17"]
[Round "9.14"]
[White "Bartos, Alois"]
[Black "Mojzis, Jan"]
[Result "0-1"]
[BlackElo "2125"]
[WhiteElo "1958"]
[LiveChessVersion "1.4.8"]

1. e4 {[%clk 1:30:57]} e6 {[%clk 1:30:36]} 2. d4 {[%clk 1:31:09]} d5
{[%clk 1:30:59]} 3. Nc3 {[%clk 1:30:41]} Nf6 {[%clk 1:31:21]} 4. e5
{[%clk 1:30:46]} Nfd7 {[%clk 1:31:49]} 5. f4 {[%clk 1:28:15]} c5 {[%clk 1:31:46]}
6. Nf3 {[%clk 1:28:20]} Nc6 {[%clk 1:32:10]} 7. Be3 {[%clk 1:28:42]} Be7
{[%clk 1:32:35]} 8. Qd2 {[%clk 1:22:47]} O-O {[%clk 1:33:01]} 9. g3
{[%clk 1:17:27]} a6 {[%clk 1:31:22]} 10. Bg2 {[%clk 1:17:06]} b5 {[%clk 1:31:21]}
11. O-O {[%clk 1:16:50]} Bb7 {[%clk 1:28:05]} 12. dxc5 {[%clk 1:16:00]} Nxc5
{[%clk 1:25:08]} 13. Nd4 {[%clk 1:14:37]} Qc7 {[%clk 1:20:51]} 14. Nce2
{[%clk 1:13:43]} Ne4 {[%clk 1:18:05]} 15. Bxe4 {[%clk 1:10:44]} dxe4
{[%clk 1:18:33]} 16. Nxc6 {[%clk 1:05:49]} Bxc6 {[%clk 1:18:26]} 17. Bd4
{[%clk 0:59:30]} Bb7 {[%clk 1:15:37]} 18. c3 {[%clk 0:57:44]} e3 {[%clk 1:15:35]}
19. Qxe3 {[%clk 0:55:29]} Qc6 {[%clk 1:15:46]} 20. Kf2 {[%clk 0:55:54]} Qg2+
{[%clk 1:15:54]} 21. Ke1 {[%clk 0:56:19]} Qxh2 {[%clk 1:16:03]} 22. Qg1
{[%clk 0:51:25]} Qh3 {[%clk 1:13:53]} 23. Qf2 {[%clk 0:46:15]} g6
{[%clk 1:01:53]} 24. Ng1 {[%clk 0:43:36]} Qf5 {[%clk 0:56:00]} 25. Qe2
{[%clk 0:41:51]} h5 {[%clk 0:55:56]} 26. Rd1 {[%clk 0:41:26]} Rfd8
{[%clk 0:55:41]} 27. Nf3 {[%clk 0:34:00]} Qg4 {[%clk 0:51:51]} 28. Qf2
{[%clk 0:33:55]} Rd7 {[%clk 0:46:26]} 29. Bb6 {[%clk 0:32:32]} Rxd1+
{[%clk 0:44:19]} 30. Kxd1 {[%clk 0:32:06]} Rc8 {[%clk 0:44:14]} 31. Bd4
{[%clk 0:30:31]} b4 {[%clk 0:43:50]} 32. Ke1 {[%clk 0:28:34]} Bd5
{[%clk 0:40:40]} 33. Nd2 {[%clk 0:24:37]} bxc3 {[%clk 0:39:21]} 34. Bxc3
{[%clk 0:24:11]} Bxa2 {[%clk 0:36:36]} 35. Qf3 {[%clk 0:23:34]} Bd5
{[%clk 0:32:02]} 36. Qxg4 {[%clk 0:21:32]} hxg4 {[%clk 0:32:30]} 37. Kd1
{[%clk 0:19:29]} Bc5 {[%clk 0:31:12]} 38. Ke2 {[%clk 0:16:29]} Kf8
{[%clk 0:28:59]} 39. Ra1 {[%clk 0:16:51]} Rc6 {[%clk 0:28:22]} 40. Kd3
{[%clk 0:14:02]} Ke8 {[%clk 0:27:31]} 41. Ne4 {[%clk 0:13:06]} Bxe4+
{[%clk 0:26:09]} 42. Kxe4 {[%clk 0:13:31]} Bf2 {[%clk 0:26:29]} 43. Rf1
{[%clk 0:13:22]} Bxg3 {[%clk 0:20:21]} 44. Rg1 {[%clk 0:13:36]} Bf2
{[%clk 0:20:50]} 45. Rxg4 {[%clk 0:13:49]} Kd7 {[%clk 0:20:53]} 46. Kd3
{[%clk 0:13:48]} Kc7 {[%clk 0:20:13]} 47. Rg2 {[%clk 0:14:09]} Bc5
{[%clk 0:18:17]} 48. Ba5+ {[%clk 0:13:13]} Bb6 {[%clk 0:16:35]} 49. Bb4
{[%clk 0:12:46]} Rc1 {[%clk 0:13:07]} 50. Rh2 {[%clk 0:12:27]} Rd1+
{[%clk 0:12:32]} 51. Kc2 {[%clk 0:11:48]} Rd7 {[%clk 0:11:43]} 52. Rh8
{[%clk 0:11:22]} Kc6 {[%clk 0:10:39]} 53. Bd2 {[%clk 0:11:21]} Kd5
{[%clk 0:10:48]} 54. Kd3 {[%clk 0:11:10]} g5 {[%clk 0:08:46]} 55. Rg8
{[%clk 0:08:07]} gxf4 {[%clk 0:08:58]} 56. Bxf4 {[%clk 0:08:35]} Bd4
{[%clk 0:08:47]} 57. Ra8 {[%clk 0:08:20]} Bxe5 {[%clk 0:08:54]} 58. Bc1
{[%clk 0:08:00]} Rb7 {[%clk 0:08:28]} 59. Rd8+ {[%clk 0:05:46]} Bd6 60. Ra8 Rb3+
{[%clk 0:06:04]} 61. Kc2 {[%clk 0:06:07]} Rb6 {[%clk 0:06:33]} 62. Be3
{[%clk 0:06:23]} Rc6+ {[%clk 0:06:58]} 63. Kd3 {[%clk 0:06:37]} e5
{[%clk 0:06:33]} 64. Ra7 {[%clk 0:05:13]} Ke6 {[%clk 0:06:53]} 65. Ra8
{[%clk 0:05:11]} f5 {[%clk 0:07:00]} 66. Rh8 {[%clk 0:05:27]} Kd5
{[%clk 0:07:24]} 67. Bd2 {[%clk 0:05:43]} e4+ {[%clk 0:06:48]} 68. Ke2
{[%clk 0:06:02]} Rc2 {[%clk 0:06:46]} 0-1

[Event "MRSF"]
[Site "Rychnov nad Kneznou"]
[Date "2020.08.17"]
[Round "9.15"]
[White "Mlynek, Petr"]
[Black "Lacha, Jan"]
[Result "1/2-1/2"]
[BlackElo "1784"]
[WhiteElo "2100"]
[LiveChessVersion "1.4.8"]

1. d4 {[%clk 1:30:56]} e6 {[%clk 1:30:52]} 2. c4 {[%clk 1:31:04]} f5
{[%clk 1:31:13]} 3. Nf3 {[%clk 1:31:16]} Nf6 {[%clk 1:31:37]} 4. g3
{[%clk 1:31:35]} d5 {[%clk 1:31:58]} 5. Bg2 {[%clk 1:31:47]} c6 {[%clk 1:32:21]}
6. O-O {[%clk 1:31:04]} Bd6 {[%clk 1:32:40]} 7. b3 {[%clk 1:29:27]} O-O
{[%clk 1:32:35]} 8. Ba3 {[%clk 1:29:25]} Qe7 {[%clk 1:32:40]} 9. Bxd6
{[%clk 1:29:42]} Qxd6 {[%clk 1:33:08]} 10. Nc3 {[%clk 1:29:12]} Nbd7
{[%clk 1:30:13]} 11. e3 {[%clk 1:27:41]} Ne4 {[%clk 1:30:22]} 12. Qc2
{[%clk 1:27:28]} b6 {[%clk 1:26:57]} 13. Rfc1 {[%clk 1:24:31]} Bb7
{[%clk 1:20:42]} 14. a3 {[%clk 1:21:52]} Rac8 {[%clk 1:20:37]} 15. b4
{[%clk 1:21:27]} Nxc3 {[%clk 1:19:11]} 16. Qxc3 {[%clk 1:21:49]} dxc4
{[%clk 1:16:44]} 17. Qxc4 {[%clk 1:21:06]} c5 {[%clk 1:09:19]} 18. dxc5
{[%clk 1:12:34]} bxc5 {[%clk 1:09:33]} 19. Rd1 {[%clk 1:11:15]} Bd5
{[%clk 1:09:00]} 20. Ng5 {[%clk 1:09:44]} Nb6 {[%clk 1:03:45]} 21. Qa6
{[%clk 1:08:48]} Qe7 {[%clk 0:57:06]} 22. Bxd5 {[%clk 1:06:35]} exd5
{[%clk 0:56:30]} 23. bxc5 {[%clk 1:06:41]} Rxc5 {[%clk 0:56:22]} 24. Nf3
{[%clk 1:06:59]} Rf6 {[%clk 0:50:08]} 25. Rab1 {[%clk 1:00:54]} Rc4
{[%clk 0:37:26]} 26. Rxd5 {[%clk 0:53:34]} Ra4 {[%clk 0:32:44]} 27. Ra5
{[%clk 0:51:20]} Rxa5 {[%clk 0:31:42]} 28. Qxa5 {[%clk 0:51:34]} h6
{[%clk 0:27:17]} 29. Rc1 {[%clk 0:46:54]} Qe4 {[%clk 0:24:28]} 30. Nd2
{[%clk 0:43:10]} Qb7 {[%clk 0:22:31]} 31. Qe5 {[%clk 0:41:37]} Qd7
{[%clk 0:18:58]} 32. Nf3 {[%clk 0:41:06]} Rc6 {[%clk 0:16:57]} 33. Rc3
{[%clk 0:33:27]} Rxc3 {[%clk 0:15:13]} 34. Qxc3 {[%clk 0:33:49]} g5
{[%clk 0:12:16]} 35. Nd4 {[%clk 0:32:58]} f4 {[%clk 0:08:50]} 36. Qc6
{[%clk 0:31:30]} Qxc6 {[%clk 0:08:06]} 37. Nxc6 {[%clk 0:31:52]} fxe3
{[%clk 0:08:25]} 38. fxe3 {[%clk 0:32:00]} Nc4 {[%clk 0:08:48]} 39. Nxa7
{[%clk 0:31:03]} Nxa3 {[%clk 0:09:01]} 40. Kf2 {[%clk 0:31:11]} Kf7
{[%clk 0:08:49]} 41. Kf3 {[%clk 0:31:21]} Kf6 {[%clk 0:08:19]} 42. Nc6
{[%clk 0:29:57]} Nc4 {[%clk 0:06:31]} 43. Ke2 {[%clk 0:25:18]} Nd6
{[%clk 0:05:34]} 44. Kd3 {[%clk 0:25:16]} Kf5 {[%clk 0:04:23]} 45. h3
{[%clk 0:25:03]} g4 {[%clk 0:04:06]} 46. h4 {[%clk 0:21:26]} Ne4 {[%clk 0:03:33]}
47. Nd4+ {[%clk 0:21:08]} Ke5 {[%clk 0:03:43]} 48. Ne2 {[%clk 0:21:17]} Nf2+
{[%clk 0:03:37]} 49. Kd2 {[%clk 0:20:38]} Ke4 {[%clk 0:03:55]} 50. Nf4
{[%clk 0:13:37]} Kf3 {[%clk 0:04:14]} 51. Nh5 {[%clk 0:13:59]} Ne4+
{[%clk 0:04:19]} 52. Kd3 {[%clk 0:14:17]} Nxg3 {[%clk 0:04:23]} 53. Ng7
{[%clk 0:11:41]} Nf1 {[%clk 0:03:52]} 54. Nf5 {[%clk 0:11:15]} g3
{[%clk 0:04:01]} 55. Nd4+ {[%clk 0:11:22]} Kf2 {[%clk 0:04:11]} 56. e4
{[%clk 0:11:24]} g2 {[%clk 0:04:29]} 57. Ne2 {[%clk 0:11:46]} Ng3
{[%clk 0:04:44]} 58. Nf4 {[%clk 0:12:07]} Kf3 {[%clk 0:04:52]} 59. Nh3
{[%clk 0:09:25]} Kg4 {[%clk 0:04:47]} 60. Ng1 {[%clk 0:09:19]} Kxh4
{[%clk 0:04:53]} 61. e5 {[%clk 0:09:24]} Kg5 {[%clk 0:04:05]} 62. Ke3
{[%clk 0:09:04]} Kf5 {[%clk 0:03:56]} 63. Kf3 {[%clk 0:09:18]} Kxe5
{[%clk 0:04:19]} 1/2-1/2

[Event "MRSF"]
[Site "Rychnov nad Kneznou"]
[Date "2020.08.17"]
[Round "9.16"]
[White "Dolezal, Karel"]
[Black "Sedlak, Ludek"]
[Result "0-1"]
[BlackElo "1919"]
[WhiteElo "1918"]
[LiveChessVersion "1.4.8"]

1. c4 {[%clk 1:30:55]} e5 {[%clk 1:30:09]} 2. g3 {[%clk 1:31:00]} Nf6
{[%clk 1:30:25]} 3. Bg2 {[%clk 1:31:15]} d5 {[%clk 1:30:22]} 4. cxd5
{[%clk 1:29:05]} Nxd5 {[%clk 1:30:42]} 5. Nc3 {[%clk 1:29:21]} Nb6
{[%clk 1:29:48]} 6. Nf3 {[%clk 1:28:12]} Nc6 {[%clk 1:25:48]} 7. O-O
{[%clk 1:27:00]} Be7 {[%clk 1:25:58]} 8. d3 {[%clk 1:24:54]} O-O {[%clk 1:25:45]}
9. Be3 {[%clk 1:23:09]} Be6 {[%clk 1:25:46]} 10. Qd2 {[%clk 1:23:06]} Nd5
{[%clk 1:22:40]} 11. Nxd5 {[%clk 1:23:04]} Bxd5 {[%clk 1:22:59]} 12. Ne1
{[%clk 1:14:41]} Bb4 {[%clk 1:17:28]} 13. Qd1 {[%clk 1:14:30]} Bxe1
{[%clk 1:09:15]} 14. Rxe1 {[%clk 1:10:06]} Bxg2 {[%clk 1:09:36]} 15. Kxg2
{[%clk 1:10:09]} Qd5+ {[%clk 1:09:58]} 16. f3 {[%clk 1:08:41]} Nd4
{[%clk 1:09:23]} 17. Bf2 {[%clk 1:07:06]} c5 {[%clk 1:08:07]} 18. b3
{[%clk 1:05:04]} Rfc8 {[%clk 1:05:41]} 19. Rc1 {[%clk 1:04:35]} Rc6
{[%clk 1:03:43]} 20. e4 {[%clk 1:03:34]} Qd7 {[%clk 1:03:52]} 21. Bxd4
{[%clk 1:03:17]} cxd4 {[%clk 1:01:09]} 22. Re2 {[%clk 1:00:56]} Rxc1
{[%clk 0:58:23]} 23. Qxc1 {[%clk 1:01:12]} Rc8 {[%clk 0:58:49]} 24. Rc2
{[%clk 1:01:03]} Rxc2+ {[%clk 0:59:08]} 25. Qxc2 {[%clk 1:01:22]} Qc6
{[%clk 0:59:31]} 26. Qc4 {[%clk 0:59:51]} Kf8 {[%clk 0:58:52]} 27. f4
{[%clk 0:59:00]} f6 {[%clk 0:49:15]} 28. Kf3 {[%clk 0:52:47]} g6 {[%clk 0:31:13]}
29. Kg4 {[%clk 0:45:23]} Qd7+ {[%clk 0:26:24]} 30. Kf3 {[%clk 0:43:17]} Qh3
{[%clk 0:24:00]} 31. Qc2 {[%clk 0:26:27]} h5 {[%clk 0:20:45]} 32. fxe5 Qf1+ 33.
Qf2 {[%clk 0:16:59]} Qxd3+ {[%clk 0:21:07]} 34. Kf4 {[%clk 0:16:51]} g5+
{[%clk 0:19:27]} 35. Kf5 {[%clk 0:17:03]} Qe3 {[%clk 0:19:42]} 36. Qf1
{[%clk 0:14:45]} d3 {[%clk 0:17:51]} 37. Kxf6 {[%clk 0:05:26]} g4
{[%clk 0:16:05]} 38. Ke6+ {[%clk 0:03:44]} Qf3 {[%clk 0:16:28]} 39. Qc1
{[%clk 0:01:23]} Qf7+ {[%clk 0:16:34]} 40. Kd6 {[%clk 0:01:45]} Qe7+
{[%clk 0:16:52]} 41. Kd5 {[%clk 0:01:44]} Qd7+ {[%clk 0:17:11]} 42. Kc4
{[%clk 0:02:03]} Qd8 0-1

[Event "MRSF"]
[Site "Rychnov nad Kneznou"]
[Date "2020.08.17"]
[Round "9.17"]
[White "Novotny, Josef"]
[Black "Mares, Ilja"]
[Result "1-0"]
[BlackElo "1744"]
[WhiteElo "1968"]
[LiveChessVersion "1.4.8"]

1. e3 Nf6 {[%clk 1:30:13]} 2. d3 {[%clk 1:31:19]} d5 {[%clk 1:30:15]} 3. Nf3
{[%clk 1:31:40]} Nc6 {[%clk 1:29:55]} 4. g3 {[%clk 1:31:35]} Bg4 {[%clk 1:29:24]}
5. h3 {[%clk 1:31:52]} Bh5 {[%clk 1:28:36]} 6. g4 {[%clk 1:32:13]} Bg6
{[%clk 1:28:58]} 7. Bg2 {[%clk 1:32:35]} e6 {[%clk 1:28:01]} 8. Nc3
{[%clk 1:32:55]} a6 {[%clk 1:25:39]} 9. a3 {[%clk 1:32:47]} Bd6 {[%clk 1:26:01]}
10. b4 {[%clk 1:33:09]} Na7 {[%clk 1:21:02]} 11. Bb2 {[%clk 1:32:14]} c6
{[%clk 1:15:57]} 12. Ne2 {[%clk 1:30:21]} Qe7 {[%clk 1:14:09]} 13. Qd2
{[%clk 1:25:45]} e5 {[%clk 1:12:48]} 14. Ng3 {[%clk 1:25:31]} O-O-O
{[%clk 1:10:12]} 15. Nh4 {[%clk 1:25:16]} Ne8 {[%clk 1:04:15]} 16. Nhf5
{[%clk 1:25:20]} Bxf5 {[%clk 1:03:56]} 17. Nxf5 {[%clk 1:25:38]} Qf8
{[%clk 1:02:13]} 18. O-O {[%clk 1:21:49]} f6 {[%clk 1:02:30]} 19. c4
{[%clk 1:21:31]} dxc4 {[%clk 1:00:41]} 20. dxc4 {[%clk 1:21:49]} g6
{[%clk 0:54:50]} 21. Ng3 {[%clk 1:21:54]} Qf7 {[%clk 0:54:27]} 22. Qc2
{[%clk 1:21:48]} h5 {[%clk 0:48:11]} 23. gxh5 {[%clk 1:19:47]} gxh5
{[%clk 0:47:32]} 24. Qf5+ {[%clk 1:17:34]} Kb8 {[%clk 0:46:40]} 25. c5
{[%clk 1:15:23]} Ng7 {[%clk 0:46:01]} 26. Qc2 {[%clk 1:15:19]} Bc7
{[%clk 0:46:02]} 27. Kh1 {[%clk 1:08:34]} Nc8 {[%clk 0:46:00]} 28. a4
{[%clk 1:08:41]} Ne7 {[%clk 0:45:17]} 29. Rg1 {[%clk 1:05:17]} Nd5
{[%clk 0:42:39]} 30. b5 {[%clk 1:04:16]} Nb4 {[%clk 0:41:17]} 31. Qe2
{[%clk 1:03:18]} Ba5 {[%clk 0:39:13]} 32. Bc3 {[%clk 1:01:45]} Qb3
{[%clk 0:37:25]} 33. Bxb4 {[%clk 1:01:19]} Qxb4 {[%clk 0:36:17]} 34. bxc6
{[%clk 1:01:26]} 1-0

[Event "MRSF"]
[Site "Rychnov nad Kneznou"]
[Date "2020.08.17"]
[Round "9.18"]
[White "Becvar, Miroslav"]
[Black "Marek, Jiri"]
[Result "1/2-1/2"]
[BlackElo "1913"]
[WhiteElo "1847"]
[LiveChessVersion "1.4.8"]

1. e4 {[%clk 1:30:58]} c6 {[%clk 1:30:50]} 2. d4 {[%clk 1:31:25]} d5
{[%clk 1:31:18]} 3. exd5 {[%clk 1:31:52]} cxd5 {[%clk 1:31:40]} 4. Bd3
{[%clk 1:32:14]} Nc6 {[%clk 1:31:44]} 5. c3 {[%clk 1:32:39]} g6 {[%clk 1:32:01]}
6. Nf3 {[%clk 1:29:43]} Bg7 {[%clk 1:32:20]} 7. Nbd2 {[%clk 1:29:51]} Nf6
{[%clk 1:32:35]} 8. O-O {[%clk 1:30:00]} O-O {[%clk 1:32:59]} 9. Re1
{[%clk 1:30:20]} a6 {[%clk 1:33:11]} 10. Nf1 {[%clk 1:29:38]} b5 {[%clk 1:33:24]}
11. a3 {[%clk 1:29:40]} Na5 {[%clk 1:33:37]} 12. Bg5 {[%clk 1:20:52]} e6
{[%clk 1:33:47]} 13. Qe2 {[%clk 1:17:51]} Qb6 {[%clk 1:33:11]} 14. h3
{[%clk 1:05:40]} Nc4 {[%clk 1:32:58]} 15. a4 {[%clk 1:04:15]} Bb7
{[%clk 1:33:11]} 16. Bf4 {[%clk 1:02:49]} Nd7 {[%clk 1:33:07]} 17. b3
{[%clk 0:59:13]} Na5 {[%clk 1:30:47]} 18. axb5 {[%clk 0:59:35]} axb5
{[%clk 1:27:28]} 19. Bxb5 {[%clk 0:58:12]} Ba6 {[%clk 1:26:36]} 1/2-1/2

[Event "MRSF"]
[Site "Rychnov nad Kneznou"]
[Date "2020.08.17"]
[Round "9.19"]
[White "Just, Pavel"]
[Black "Sejkora, Vlastimil"]
[Result "1/2-1/2"]
[BlackElo "2185"]
[WhiteElo "1958"]
[LiveChessVersion "1.4.8"]

1. e4 {[%clk 1:30:56]} g6 {[%clk 1:30:52]} 2. d4 {[%clk 1:31:03]} Bg7
{[%clk 1:31:19]} 3. c4 {[%clk 1:31:07]} d6 {[%clk 1:31:42]} 4. Nc3
{[%clk 1:31:22]} Nf6 {[%clk 1:32:03]} 5. Nf3 {[%clk 1:30:53]} O-O
{[%clk 1:32:23]} 6. Be2 {[%clk 1:30:53]} Nbd7 {[%clk 1:32:42]} 7. O-O
{[%clk 1:31:01]} e5 {[%clk 1:33:11]} 8. dxe5 {[%clk 1:29:41]} dxe5
{[%clk 1:33:39]} 9. Qc2 {[%clk 1:27:56]} c6 {[%clk 1:34:07]} 10. a3
{[%clk 1:27:49]} Ne8 {[%clk 1:32:25]} 11. b4 {[%clk 1:24:34]} Nc7
{[%clk 1:31:24]} 12. Bg5 {[%clk 1:15:28]} f6 {[%clk 1:29:41]} 13. Be3
{[%clk 1:15:42]} f5 {[%clk 1:29:14]} 14. exf5 {[%clk 1:14:30]} gxf5
{[%clk 1:29:37]} 15. Rad1 {[%clk 1:13:04]} Qe7 {[%clk 1:24:20]} 16. g3 Ne6 17. c5
f4 18. Bc1 Kh8 {[%clk 1:14:44]} 1/2-1/2

[Event "MRSF"]
[Site "Rychnov nad Kneznou"]
[Date "2020.08.17"]
[Round "9.21"]
[White "Jablecnik, Gustav"]
[Black "Jacek, Miloslav"]
[Result "1/2-1/2"]
[BlackElo "1938"]
[WhiteElo "1989"]
[LiveChessVersion "1.4.8"]

1. e4 {[%clk 1:30:57]} c5 {[%clk 1:30:36]} 2. Bc4 {[%clk 1:31:21]} e6
{[%clk 1:30:59]} 3. Qe2 {[%clk 1:31:49]} Nc6 {[%clk 1:31:12]} 4. c3
{[%clk 1:32:17]} a6 {[%clk 1:31:02]} 5. Bb3 {[%clk 1:32:28]} Nge7
{[%clk 1:30:34]} 6. d3 {[%clk 1:32:30]} d5 {[%clk 1:29:33]} 7. e5
{[%clk 1:32:31]} Ng6 {[%clk 1:28:43]} 8. f4 {[%clk 1:32:37]} Be7 {[%clk 1:27:26]}
9. Nf3 {[%clk 1:32:59]} b5 {[%clk 1:25:00]} 10. g3 {[%clk 1:29:39]} Bb7
{[%clk 1:23:20]} 11. d4 {[%clk 1:28:10]} cxd4 {[%clk 1:19:56]} 12. Nxd4
{[%clk 1:28:25]} Nxd4 {[%clk 1:20:06]} 13. cxd4 {[%clk 1:28:53]} Rc8
{[%clk 1:20:00]} 14. O-O {[%clk 1:28:15]} Qb6 {[%clk 1:13:32]} 15. Be3
{[%clk 1:28:30]} f5 {[%clk 1:10:05]} 16. Nd2 {[%clk 1:27:43]} O-O
{[%clk 1:10:11]} 17. h4 {[%clk 1:25:24]} Rf7 {[%clk 1:05:57]} 18. Nf3
{[%clk 1:19:55]} a5 {[%clk 1:02:58]} 19. Rfc1 Bd8 {[%clk 0:58:44]} 20. Rxc8
{[%clk 1:07:36]} Bxc8 {[%clk 0:59:03]} 21. Bc2 {[%clk 1:07:51]} Rc7
{[%clk 0:54:17]} 22. Bd3 {[%clk 1:06:37]} Bd7 {[%clk 0:53:16]} 23. Qe1
{[%clk 1:04:44]} b4 {[%clk 0:51:01]} 24. Qe2 {[%clk 0:57:33]} Nf8
{[%clk 0:49:20]} 25. Bd2 {[%clk 0:51:53]} Be8 {[%clk 0:48:56]} 26. Qf2
{[%clk 0:48:55]} Bb5 {[%clk 0:47:35]} 27. Qf1 {[%clk 0:44:37]} Bxd3
{[%clk 0:44:30]} 28. Qxd3 {[%clk 0:45:05]} Rc4 {[%clk 0:43:43]} 29. b3
{[%clk 0:40:47]} Rc6 {[%clk 0:41:22]} 30. Rc1 {[%clk 0:36:27]} Rxc1+
{[%clk 0:40:57]} 31. Bxc1 {[%clk 0:36:54]} Qc6 {[%clk 0:40:59]} 32. Bb2 h6
1/2-1/2

[Event "MRSF"]
[Site "Rychnov nad Kneznou"]
[Date "2020.08.17"]
[Round "9.22"]
[White "Kohout, Jan"]
[Black "Most, Zdenek"]
[Result "0-1"]
[BlackElo "1978"]
[WhiteElo "1928"]
[LiveChessVersion "1.4.8"]

1. e4 {[%clk 1:30:39]} c5 {[%clk 1:28:55]} 2. Nf3 {[%clk 1:29:41]} Nc6
{[%clk 1:29:22]} 3. Bb5 {[%clk 1:29:37]} d6 {[%clk 1:29:01]} 4. O-O
{[%clk 1:28:37]} Bd7 {[%clk 1:28:06]} 5. c3 {[%clk 1:24:10]} Nf6 {[%clk 1:26:57]}
6. Re1 {[%clk 1:24:25]} g6 {[%clk 1:23:14]} 7. d3 {[%clk 1:16:17]} Bg7
{[%clk 1:23:22]} 8. Nbd2 {[%clk 1:16:36]} O-O {[%clk 1:23:06]} 9. Nf1
{[%clk 1:17:01]} a6 {[%clk 1:21:35]} 10. Ba4 {[%clk 1:16:49]} b5 {[%clk 1:21:19]}
11. Bc2 {[%clk 1:16:55]} b4 {[%clk 1:15:46]} 12. h3 {[%clk 1:03:24]} a5
{[%clk 1:10:41]} 13. d4 {[%clk 0:59:29]} Ne8 {[%clk 1:05:01]} 14. d5 Ne5
{[%clk 1:00:13]} 15. Nxe5 {[%clk 0:52:59]} Bxe5 {[%clk 0:59:41]} 16. f4
{[%clk 0:53:18]} Bg7 {[%clk 0:51:00]} 17. e5 {[%clk 0:48:30]} e6 {[%clk 0:45:11]}
18. c4 {[%clk 0:44:32]} a4 {[%clk 0:35:17]} 19. Rb1 {[%clk 0:37:57]} Qb8
{[%clk 0:30:27]} 20. Qe2 {[%clk 0:17:57]} Qb6 {[%clk 0:24:14]} 21. Be4
{[%clk 0:17:35]} Ra6 {[%clk 0:20:16]} 22. Bf3 {[%clk 0:17:25]} Nc7
{[%clk 0:19:16]} 23. Kh2 {[%clk 0:12:51]} Re8 {[%clk 0:19:13]} 24. Be3
{[%clk 0:04:34]} dxe5 {[%clk 0:16:58]} 25. Qf2 {[%clk 0:04:51]} Ra5
{[%clk 0:16:29]} 26. g3 {[%clk 0:04:23]} exd5 {[%clk 0:15:27]} 27. fxe5
{[%clk 0:03:53]} d4 {[%clk 0:14:27]} 28. Bf4 {[%clk 0:03:32]} Ne6
{[%clk 0:14:25]} 29. Bd5 {[%clk 0:03:28]} Bc6 {[%clk 0:13:01]} 30. Qg2
{[%clk 0:03:16]} Ra6 {[%clk 0:12:37]} 31. Nd2 {[%clk 0:03:18]} Qb7
{[%clk 0:11:21]} 32. h4 {[%clk 0:03:34]} Rd8 {[%clk 0:10:54]} 33. Be4
{[%clk 0:03:52]} Nxf4 {[%clk 0:06:11]} 34. gxf4 {[%clk 0:04:28]} d3
{[%clk 0:04:34]} 35. Re3 {[%clk 0:04:50]} Bxe4 36. Nxe4 {[%clk 0:04:54]} Qe7
{[%clk 0:04:43]} 37. Qf2 {[%clk 0:04:24]} Rd4 {[%clk 0:03:44]} 38. Rd1
{[%clk 0:04:40]} Rxc4 {[%clk 0:03:00]} 39. Rdxd3 {[%clk 0:03:46]} Rd4
{[%clk 0:02:55]} 40. Nd6 {[%clk 0:04:07]} Rxd3 {[%clk 0:03:03]} 41. Rxd3
{[%clk 0:03:51]} Ra8 {[%clk 0:02:37]} 42. Kg3 {[%clk 0:03:46]} h5
{[%clk 0:02:36]} 43. Qxc5 {[%clk 0:03:23]} Qe6 {[%clk 0:02:43]} 44. Qxb4
{[%clk 0:03:19]} Qg4+ {[%clk 0:02:32]} 45. Kf2 {[%clk 0:01:38]} Bxe5 46. Ne4
Qxf4+ {[%clk 0:02:27]} 47. Ke2 {[%clk 0:02:06]} Rb8 {[%clk 0:02:05]} 48. Qxa4
{[%clk 0:01:03]} Rxb2+ {[%clk 0:02:02]} 49. Ke1 {[%clk 0:00:34]} Qxh4+ 0-1